Conservando la biodiversidad de la mano de la gente : (Registro nro. 8406)

Detalles MARC
000 -CABECERA
Campo de control 00798nam a22002057a 4500
005 - FECHA Y HORA DE LA ULTIMA TRANSACCION
Campo de control 20140428124109.0
008 - ELEMENTOS DE LONGITUD FIJA—INFORMACION GENERAL
Campo de control 140428b2009 ve ||||| |||| 00| 0 spa d
020 ## - ISBN
ISBN 9789807046060
041 ## - IDIOMA
Código de idioma para texto/pista de sonido o título separado Español
044 ## - PAÍS DE PUBLICACIÓN
País de publicación Venezuela
082 04 - NUMERO DE CLASIFICACION DECIMAL DEWEY
Número de clasificación 574.526
Número del ítem C75c
245 10 - MENCION DE TITULO
Título Conservando la biodiversidad de la mano de la gente :
Parte restante del título Escudo de Guayana Venezuela
260 ## - PUBLICACION, DISTRIBUCION, ETC. (PIE DE IMPRENTA)
Lugar de publicación, distribución, etc. Caracas
Nombre del editor, distribuidor, etc. Gold Reserve Inc.
-- Conservación Internacional Venezuela
Fecha de publicación, distribución, etc. 2009
300 ## - DESCRIPCION FISICA
Extensión 32 p.
Otros detalles físicos fot. (col), mapas
Dimensiones 18 cm.
590 ## - NOTA LOCAL
Nota local Donación de Carlos Lasso, con firma en la primera página
650 #6 - ASIENTO SECUNDARIO DE MATERIA - TERMINO TEMATICO
Término temático o nombre geográfico como elemento de entrada Conservación de la diversidad biológica
Subdivisión geográfica Escudo de Guayana (Venezuela)
650 ## - ASIENTO SECUNDARIO DE MATERIA - TERMINO TEMATICO
Término temático o nombre geográfico como elemento de entrada Ecología
Subdivisión geográfica Escudo de Guayana (Venezuela)
650 ## - ASIENTO SECUNDARIO DE MATERIA - TERMINO TEMATICO
Término temático o nombre geográfico como elemento de entrada Conservación de los recursos naturales
942 ## - ELEMENTOS ADICIONALES (KOHA)
Sistema de clasificación Dewey Decimal Classification
Tipo de ítem Impreso
Existencias
Withdrawn status Lost status Sistema de Clasificación Damaged status No para préstamo Colección Inventariado Ubicación Permanente Ubicación actual Fecha de adquisición Fuente de Valor Valor Total Checkouts Número topográfico Inventario / Código de Barras Date last seen Ejemplar Price effective from Forma de adquisición Tipo de material
    Dewey Decimal Classification     General Inventariado 2017 Bogotá Bogotá 28/04/2014 Instituto 39000.00   LB-574.526 C75c 038007 28/04/2014 Ej. 1 28/04/2014   Libro